Envejecer (Record no. 184474)

MARC details
000 -LEADER
campo de control de longitud fija 00936nam a2200241 i 4500
001 - NÚMERO DE CONTROL
campo de control 184474
003 - IDENTIFICADOR DE NÚMERO DE CONTROL
campo de control ES-MaACL
005 - FECHA Y HORA DE LA ÚLTIMA TRANSACCIÓN
campo de control 20231204170726.0
008 - DATOS DE LONGITUD FIJA--INFORMACIÓN GENERAL
campo de control de longitud fija 150907s1921 sp |||| | spa d
080 ## - NÚMERO DE LA CLASIFICACIÓN DECIMAL UNIVERSAL
Número de la Clasificación Decimal Universal 821.134.3-22"18"
100 1# - ENTRADA PRINCIPAL--NOMBRE DE PERSONA
Nombre de persona Mesquita, Marcelino.
9 (RLIN) 157399
245 10 - MENCIÓN DEL TÍTULO
Título Envejecer
Resto del título : comedia en cuatro actos escrita en portugués /
Mención de responsabilidad, etc. por Marcelino Mesquita ; y traducida al castellano por Cristóbal de Castro.
260 ## - PUBLICACIÓN, DISTRIBUCIÓN, ETC.
Lugar de publicación, distribución, etc. Madrid :
Nombre del editor, distribuidor, etc. Prensa Popular,
Fecha de publicación, distribución, etc. [1921]
300 ## - DESCRIPCIÓN FÍSICA
Extensión [32] p. ;
Dimensiones 20 cm.
490 1# - MENCIÓN DE SERIE
Mención de serie La novela teatral, Año VI ;
Designación de volumen o secuencia 232 - Madrid, 1 mayo 1921
597 ## - NOTA DE DESCRIPCIÓN FÍSICA
NOTA DE DESCRIPCIÓN FÍSICA P. sin numerar.
599 ## - NOTA A LAS ILUSTRACIONES
NOTA A LAS ILUSTRACIONES En cub.: caricatura de M. Ramos Carrión, por Tovar.
700 1# - ENTRADA AGREGADA--NOMBRE PERSONAL
Nombre de persona Castro, Cristóbal de,
Fechas asociadas al nombre 1874-1953
9 (RLIN) 36843
700 0# - ENTRADA AGREGADA--NOMBRE PERSONAL
Nombre de persona Tovar
Títulos y otros términos asociados al nombre , ilustrador.
9 (RLIN) 157378
830 0# - PUNTO DE ACCESO ADICIONAL DE SERIE-TÍTULO UNIFORME
Título uniforme La novela teatral, Año VI ;
Designación de volumen o secuencia 232 - Madrid, 1 mayo 1921
9 (RLIN) 192161
852 ## - LOCALIZACIÓN
Ubicación ES-MaACL
Número de control de estantería 2332-F-20
Holdings
Estatus retirado Estado de pérdida Estado de daño No para préstamo Colección Biblioteca de origen Biblioteca actual Ubicación en estantería Fecha de adquisición Fuente de adquisición Total de préstamos Signatura topográfica completa Código de barras Visto por última vez Precio de reemplazo Tipo de ítem Koha
        Colección de folletos Biblioteca del Ateneo de Madrid Biblioteca del Ateneo de Madrid Depósito folletos 07/09/2015     2332-F-20 1194142 23/02/2023 23/02/2023 Folleto